عرض عادي
عرض مارك
- McGraw, Gary,
مدخل إسم شخص
001 - رقم الضبط
- حقل الضبط: 39671
003 - معرف رقم الضبط
- حقل الضبط: OSt
005 - تاريخ ووقت أخر عملية
- حقل الضبط: 20131114135414.0
008 - عناصر بيانات ثابتة الطول
- حقل تحكم ثابت الطول: 131114|||a|||||| | ||| d
040 ## - مصدر الفهرسة
- هيئة الفهرسة الأصلية: OSt
- وكالة الكتابة: OSt
100 ## - مدخل -- أسم شخص
- إسم شخص: McGraw, Gary,
- تواريخ مرتبطة بالاسم: 1966-
670 ## - بيانات المصدر موجوده
- الاستشهاد بالمصدر: Work cat.: (OSt)0: Viega, John. 39670, Building secure software, c2002.
